[Event "Titled Tue 26th Aug Early"]
[Site "chess.com INT"]
[Date "2025.08.26"]
[Round "4"]
[White "Ocampos, Ian"]
[Black "Southcott-Moyers, Indy"]
[Result "0-1"]
[BlackTitle "FM"]
[WhiteElo "2195"]
[BlackElo "2276"]
[WhiteFideId "117544"]
[BlackFideId "488542"]
[EventDate "2025.08.26"]

1. e4 c6 2. d4 d5 3. f3 Qb6 4. Nc3 dxe4 5. Bc4 e5 6. dxe5 Nd7 7. f4 Bb4 8. Qe2
Ne7 9. Be3 Qa5 10. Bd2 O-O 11. Nxe4 Bxd2+ 12. Qxd2 Qb6 13. O-O-O Nc5 14. Nd6 Be6
15. Nf3 Rfd8 16. Bxe6 Nxe6 17. Kb1 Rd7 18. g3 Rad8 19. Qe2 Nd5 20. Ka1 Qe3 21.
Qxe3 Nxe3 22. Rd2 Nf5 23. Rhd1 Ne3 24. Re1 Nf5 25. Red1 Ne3 26. Nxb7 Nxd1 27.
Nxd8 Rxd2 28. Nxd2 Nxd8 29. Nc4 Ne6 30. b4 Kf8 31. a4 Ke7 32. Ka2 g5 33. f5 Nd4
34. f6+ Ke6 35. Kb1 Nf3 36. Kc1 Nc3 37. a5 Nxe5 0-1

[Event "Titled Tue 26th Aug Early"]
[Site "chess.com INT"]
[Date "2025.08.26"]
[Round "4"]
[White "Reprintsev, Alexander"]
[Black "Bachmann, Axel"]
[Result "0-1"]
[WhiteTitle "IM"]
[BlackTitle "GM"]
[WhiteElo "2256"]
[BlackElo "2578"]
[WhiteFideId "14100541"]
[BlackFideId "3700488"]
[EventDate "2025.08.26"]

1. e4 c5 2. b3 b6 3. d4 cxd4 4. Qxd4 Bb7 5. Bb2 e6 6. Nc3 Nf6 7. e5 Nc6 8. Qf4
Qb8 9. Nf3 Nb4 10. O-O-O Nfd5 11. Nxd5 Nxd5 12. Qg3 Qc7 13. Nd4 Rc8 14. Bd3 Nb4
15. Nb5 Qc5 16. Kb1 a6 17. Nd6+ Bxd6 18. exd6 Nxd3 19. Qxd3 O-O 20. f3 f6 21. h4
b5 22. h5 Bd5 23. Rh4 e5 24. Rg4 Be6 25. Rg3 Rf7 26. h6 g6 27. Rxg6+ hxg6 28.
Qxg6+ Kh8 29. f4 Qf2 30. fxe5 Bf5 0-1

[Event "Titled Tue 26th Aug Early"]
[Site "chess.com INT"]
[Date "2025.08.26"]
[Round "4"]
[White "Zouaghi, Amir"]
[Black "Kiseleva, Arina"]
[Result "1-0"]
[WhiteTitle "FM"]
[BlackTitle "WCM"]
[WhiteElo "2301"]
[BlackElo "2006"]
[WhiteFideId "249262"]
[BlackFideId "4164989"]
[EventDate "2025.08.26"]

1. d4 Nf6 2. c4 e6 3. Nf3 Bb4+ 4. Nbd2 O-O 5. g3 d6 6. Bg2 Qe7 7. O-O Bxd2 8.
Nxd2 e5 9. d5 a5 10. e4 Na6 11. b3 Nc5 12. Ba3 b6 13. Qe2 Re8 14. Rae1 Bg4 15.
Qe3 Nfd7 16. f4 exf4 17. gxf4 f5 18. Qg3 Nf6 19. e5 Nh5 20. Qe3 Qh4 21. h3 Ng3
22. hxg4 Nxf1 23. Nxf1 Qxg4 24. Qg3 Qxg3 25. Nxg3 g6 26. e6 Re7 27. Re2 Nd3 28.
Bb2 Nxf4 29. Rd2 Nxg2 30. Kxg2 Kf8 31. Kf3 h6 32. Rh2 h5 33. Kf4 Rh7 34. Rh4 1-0

[Event "Titled Tue 26th Aug Early"]
[Site "chess.com INT"]
[Date "2025.08.26"]
[Round "4"]
[White "Zampronha, Wladimir Camilo"]
[Black "Subervi, Jonathan Sigfredo"]
[Result "0-1"]
[BlackTitle "FM"]
[WhiteElo "2157"]
[BlackElo "2007"]
[WhiteFideId "2103087"]
[BlackFideId "6400345"]
[EventDate "2025.08.26"]

1. e4 e6 2. d4 d5 3. Nc3 Bb4 4. e5 c5 5. a3 Ba5 6. Nf3 cxd4 7. Nxd4 Nc6 8. b4
Bc7 9. f4 Nxd4 10. Qxd4 Ne7 11. Nb5 Bb6 12. Qd2 O-O 13. Bb2 Nf5 14. Bd3 Qh4+ 15.
Kd1 Ne3+ 16. Kc1 Qxf4 17. g3 Qf3 18. Re1 Bd7 19. Nd4 Bxd4 20. Bxd4 Nc4 21. Qe2
Qxe2 22. Rxe2 Rfc8 23. Bxc4 Rxc4 24. c3 b6 25. Kb2 Ba4 26. Rg1 Rac8 27. Re3 h5
28. g4 h4 29. g5 Rxd4 30. cxd4 Rc2+ 31. Kb1 Rxh2 32. Rc3 Bc2+ 33. Kc1 Be4 34.
Re3 Ra2 35. Rg4 Rh2 36. Rc3 Kh7 37. Rc7 Kg6 38. Rxa7 h3 39. Ra8 Rh1+ 40. Kd2 Ra1
41. Rh8 h2 42. Rxe4 dxe4 43. Ke3 h1=Q 0-1

[Event "Titled Tue 26th Aug Early"]
[Site "chess.com INT"]
[Date "2025.08.26"]
[Round "4"]
[White "Atis, Hasan"]
[Black "Paichadze, Luka"]
[Result "0-1"]
[WhiteTitle "CM"]
[BlackTitle "GM"]
[WhiteElo "2104"]
[BlackElo "2520"]
[WhiteFideId "44598017"]
[BlackFideId "13602934"]
[EventDate "2025.08.26"]

1. e4 c6 2. d4 d5 3. Nc3 dxe4 4. Nxe4 Bf5 5. Ng3 Bg6 6. h4 h6 7. Nh3 e6 8. Nf4
Bh7 9. Bc4 Nf6 10. c3 Nbd7 11. Ngh5 Nxh5 12. Nxh5 Nf6 13. Bf4 Nd5 14. Bd2 Qb6
15. Bb3 a5 16. Bc1 Bg6 17. O-O a4 18. Bxd5 cxd5 19. Nf4 Be4 20. Qe2 Qa6 21. Qe3
Bd6 22. f3 Bxf4 23. Qxf4 Bd3 24. Re1 O-O 25. a3 Rae8 26. Qg3 Kh7 27. Bf4 f6 28.
Rad1 Bg6 29. Bd6 Rf7 30. Bb4 Qc4 31. Rd2 Bh5 32. Qd6 e5 33. dxe5 Qxh4 34. Rde2
fxe5 35. Qxd5 Qg3 36. Rxe5 Bxf3 37. Qd3+ g6 38. Qxf3 Qxe1+ 39. Rxe1 Rxe1+ 40.
Kf2 Rxf3+ 41. Kxe1 Re3+ 42. Kf2 Rd3 43. Ke2 Rd5 44. c4 Rd4 45. c5 Rg4 46. Kf3
Rc4 47. Ke3 Rc2 48. Bc3 Rxg2 49. Ke4 Rg5 50. Be5 h5 51. Kd5 h4 52. Kd6 Rxe5 53.
Kxe5 h3 0-1

[Event "Titled Tue 26th Aug Early"]
[Site "chess.com INT"]
[Date "2025.08.26"]
[Round "4"]
[White "Pandey, Srishti"]
[Black "Karthik, Sai Ch"]
[Result "1-0"]
[WhiteTitle "WIM"]
[BlackTitle "CM"]
[WhiteElo "2202"]
[BlackElo "2159"]
[WhiteFideId "35093290"]
[BlackFideId "46649484"]
[EventDate "2025.08.26"]

1. e4 c5 2. Nf3 d6 3. d4 cxd4 4. Nxd4 Nf6 5. Nc3 Nc6 6. Bg5 e6 7. f4 Be7 8. Qd2
a6 9. O-O-O Bd7 10. Bxf6 gxf6 11. f5 b5 12. Nxc6 Bxc6 13. Bd3 Qa5 14. Kb1 O-O-O
15. Qf2 Kb7 16. h4 b4 17. Ne2 d5 18. Nd4 Bd7 19. exd5 Bc5 20. dxe6 fxe6 21. Qf3+
Ka7 22. Nxe6 Bxe6 23. fxe6 Rhe8 24. Bc4 Bd4 25. Bb3 Qb5 26. Qe4 Qc5 27. Qxh7+
Re7 28. Qe4 a5 29. h5 Ree8 30. h6 Be5 31. Rd7+ Rxd7 32. exd7 Rd8 33. h7 f5 34.
Qxf5 Qd4 35. c3 bxc3 36. Qc2 cxb2 37. Rd1 Qb6 38. Bg8 Qb7 39. Qc5+ Ka8 40. Bd5 1-0

[Event "Titled Tue 26th Aug Early"]
[Site "chess.com INT"]
[Date "2025.08.26"]
[Round "4"]
[White "Galchenko, Matvey"]
[Black "Moskvin, Anatoly"]
[Result "1/2-1/2"]
[WhiteTitle "IM"]
[BlackTitle "CM"]
[WhiteElo "2435"]
[BlackElo "2192"]
[WhiteFideId "24175480"]
[BlackFideId "24199990"]
[EventDate "2025.08.26"]

1. f4 d5 2. Nf3 Bg4 3. Ne5 Bh5 4. c4 f6 5. g4 fxe5 6. gxh5 e6 7. Qb3 b6 8. fxe5
Nc6 9. Qb5 Ne7 10. Bh3 a6 11. Qa4 b5 12. cxb5 axb5 13. Qxb5 Rb8 14. Qa4 Rb4 15.
Qc2 Rc4 16. Nc3 Nf5 17. Bxf5 Qh4+ 18. Kd1 Nd4 19. Bg6+ Kd7 20. Qd3 hxg6 21. Qxg6
Rxh5 22. b3 Rc6 23. e3 Rg5 24. Qf7+ Be7 25. exd4 Qg4+ 26. Ne2 Rf5 27. Qg8 Rf2
28. Re1 Rxe2 29. Rxe2 Qg1+ 30. Re1 Qg4+ 31. Re2 Qg1+ 32. Re1 Qg4+ 33. Re2 1/2-1/2

[Event "Titled Tue 26th Aug Early"]
[Site "chess.com INT"]
[Date "2025.08.26"]
[Round "4"]
[White "Ng, Clive"]
[Black "Mecit, Emre"]
[Result "0-1"]
[WhiteTitle "FM"]
[WhiteElo "2006"]
[BlackElo "2007"]
[WhiteFideId "3214869"]
[BlackFideId "6304214"]
[EventDate "2025.08.26"]

1. e4 c5 2. Nf3 d6 3. d4 cxd4 4. Nxd4 Nf6 5. Nc3 g6 6. f3 Bg7 7. Be3 O-O 8. Qd2
Nc6 9. Bc4 Bd7 10. O-O-O Rb8 11. Kb1 b5 12. Ndxb5 Ne5 13. Be2 Qa5 14. Nd4 Rfc8
15. Nb3 Qc7 16. Nd5 Nxd5 17. exd5 a5 18. Ba6 a4 19. Bxc8 axb3 20. Bxd7 bxa2+ 21.
Kxa2 Nc4 22. Qd4 Bxd4 23. Bxd4 Qxd7 24. b3 Nb6 25. Bb2 Nc4 26. bxc4 Qa4+ 27. Kb1
Qb4 28. Kc1 Qxb2+ 29. Kd2 Qd4+ 30. Ke2 Qxc4+ 31. Kf2 Qxc2+ 32. Kg3 Rb2 33. Rhg1
Qf5 34. h3 Qe5+ 35. f4 Qe3+ 36. Kh2 Qxf4+ 37. Kh1 g5 0-1

[Event "Titled Tue 26th Aug Early"]
[Site "chess.com INT"]
[Date "2025.08.26"]
[Round "4"]
[White "Lamaze, Simon"]
[Black "Kosakowski, Jakub"]
[Result "1-0"]
[WhiteTitle "IM"]
[BlackTitle "GM"]
[WhiteElo "2468"]
[BlackElo "2542"]
[WhiteFideId "36069264"]
[BlackFideId "1185080"]
[EventDate "2025.08.26"]

1. e4 c6 2. d4 d5 3. e5 Bf5 4. Nc3 e6 5. g4 Bg6 6. Nge2 c5 7. h4 h5 8. Nf4 Nc6
9. Nxg6 fxg6 10. Bd3 cxd4 11. Bxg6+ Kd7 12. Nxd5 exd5 13. Bf4 Nge7 14. Bf7 Qa5+
15. Kf1 Rd8 16. Rh3 Kc8 17. gxh5 Kb8 18. Qg4 Ng8 19. Rb3 Nh6 20. Qg6 Nxf7 21.
Qxf7 Qc7 22. Qg6 Nxe5 23. Bxe5 Qxe5 24. Re1 Qd6 25. Re6 Qc7 26. Rf3 Rh6 27. Qg4
Rxe6 28. Qxe6 Qe7 29. Qg6 a6 30. Rf7 Qd6 31. Kg2 Qe5 32. Qg3 Bd6 33. Qxe5 Bxe5
34. f4 Bf6 35. h6 Rg8 36. Kf3 Bxh4 37. hxg7 Ka7 38. f5 d3 39. cxd3 d4 40. Kg4
Bd8 41. Kh5 Bf6 42. Kg6 Bxg7 43. Rxg7 Rc8 44. f6 1-0

[Event "Titled Tue 26th Aug Early"]
[Site "chess.com INT"]
[Date "2025.08.26"]
[Round "4"]
[White "Troltenier, Dirk"]
[Black "Aghasiyev, Kamal"]
[Result "1-0"]
[WhiteTitle "FM"]
[BlackTitle "IM"]
[WhiteElo "2162"]
[BlackElo "2441"]
[WhiteFideId "4606400"]
[BlackFideId "13402854"]
[EventDate "2025.08.26"]

1. e4 e5 2. Nf3 Nc6 3. Bb5 a6 4. Bxc6 dxc6 5. O-O Bd6 6. d4 exd4 7. Qxd4 f6 8.
Nc3 Be6 9. Be3 Ne7 10. e5 fxe5 11. Nxe5 Nf5 12. Qe4 Qf6 13. Nc4 O-O 14. Nxd6
cxd6 15. Qd3 d5 16. Rae1 Nxe3 17. Qxe3 Bf5 18. Qd2 Rad8 19. b4 Qg6 20. f3 Rfe8
21. Rf2 h6 22. Na4 Rxe1+ 23. Qxe1 Bxc2 24. Nc5 Re8 25. Qd2 b6 26. Nd7 b5 27. Nc5
Bf5 28. g4 1-0

[Event "Titled Tue 26th Aug Early"]
[Site "chess.com INT"]
[Date "2025.08.26"]
[Round "4"]
[White "Turgut, Hakan"]
[Black "Dubnevych, Maksym"]
[Result "0-1"]
[WhiteTitle "CM"]
[BlackTitle "FM"]
[WhiteElo "2219"]
[BlackElo "2296"]
[WhiteFideId "26304740"]
[BlackFideId "14184001"]
[EventDate "2025.08.26"]

1. e4 e5 2. Nf3 Nc6 3. Bb5 a6 4. Ba4 Bc5 5. O-O Nge7 6. c3 Ng6 7. d4 Ba7 8. Bg5
f6 9. Be3 O-O 10. Nbd2 Kh8 11. Re1 d6 12. h3 Bd7 13. Nf1 exd4 14. cxd4 f5 15.
exf5 Bxf5 16. Ng3 Bd7 17. Ng5 h6 18. Bc2 Qf6 19. Nh5 Qd8 20. Bxg6 hxg5 21. Nf6
g4 22. Nxg4 Qh4 23. Bb1 Rae8 24. a3 Nxd4 25. Ba2 c5 26. Qd3 Bf5 27. Qc4 Nc2 28.
Rad1 Nxe1 29. Rxe1 b5 30. Qd5 c4 31. Qxd6 Bxg4 32. hxg4 Bxe3 33. Rxe3 Qxf2+ 0-1

[Event "Titled Tue 26th Aug Early"]
[Site "chess.com INT"]
[Date "2025.08.26"]
[Round "4"]
[White "Beznosov, Timofey"]
[Black "Tallada Serret, Gerard"]
[Result "1-0"]
[WhiteTitle "CM"]
[BlackTitle "CM"]
[WhiteElo "2131"]
[BlackElo "2091"]
[WhiteFideId "34497951"]
[BlackFideId "54764190"]
[EventDate "2025.08.26"]

1. e4 e5 2. Nf3 Nf6 3. Nxe5 Nc6 4. Nxc6 dxc6 5. f3 Bc5 6. c3 O-O 7. d4 Bb6 8. g3
Re8 9. Bg2 c5 10. dxc5 Qxd1+ 11. Kxd1 Bxc5 12. Kc2 Bd7 13. Bf4 Bb6 14. Nd2 Rad8
15. a4 a5 16. Nc4 Rc8 17. Rhd1 Be6 18. Nxb6 cxb6 19. Rd6 Rc6 20. Rad1 h6 21.
Rxc6 bxc6 22. Bc7 Rc8 23. Bxb6 Nd7 24. Bxa5 Nc5 25. Rd8+ Rxd8 26. Bxd8 Bb3+ 27.
Kc1 Bxa4 28. b4 Nd3+ 29. Kd2 Nb2 30. Bf1 Kf8 31. Kc1 Nd1 32. Kd2 Nb2 33. Bb6 Ke7
34. Bd4 f6 35. c4 Ke6 36. Bxb2 1-0

[Event "Titled Tue 26th Aug Early"]
[Site "chess.com INT"]
[Date "2025.08.26"]
[Round "4"]
[White "Goncharov, Vladimir"]
[Black "Cave, Iwan"]
[Result "1-0"]
[WhiteElo "2077"]
[BlackElo "2136"]
[WhiteFideId "34162256"]
[BlackFideId "495948"]
[EventDate "2025.08.26"]

1. d4 Nf6 2. c4 e6 3. Nf3 c5 4. d5 exd5 5. cxd5 d6 6. Nc3 g6 7. Bf4 Bg7 8. Qa4+
Bd7 9. Qb3 Qc7 10. e3 O-O 11. a4 Na6 12. Be2 Nb4 13. O-O a6 14. Rac1 Rfe8 15.
Nd2 Bf5 16. e4 Bxe4 17. Nc4 Bxd5 18. Nxd5 Nfxd5 19. Bxd6 Qc8 20. Bf3 b5 21. axb5
axb5 22. Ne3 c4 23. Nxd5 cxb3 24. Rxc8 Nxd5 25. Rxa8 Rxa8 26. Bxd5 Rd8 27. Rd1
Rxd6 28. Bxf7+ Kxf7 29. Rxd6 Bxb2 30. Rd3 Ba3 31. Rxb3 b4 32. Kf1 Ke6 33. Ke2
Kd5 34. Kd3 h6 35. Rb1 Kc5 36. Re1 Bb2 37. Re8 g5 38. Rh8 b3 39. Rxh6 Be5 40. h4
gxh4 41. Rxh4 Kd5 42. Rb4 b2 43. Kc2 Ke6 44. Rxb2 Bxb2 45. Kxb2 1-0

[Event "Titled Tue 26th Aug Early"]
[Site "chess.com INT"]
[Date "2025.08.26"]
[Round "4"]
[White "Morris, James"]
[Black "Krzywda, Andrzej"]
[Result "0-1"]
[WhiteTitle "IM"]
[BlackTitle "CM"]
[WhiteElo "2416"]
[BlackElo "2149"]
[WhiteFideId "3205800"]
[BlackFideId "1114565"]
[EventDate "2025.08.26"]

1. e4 c5 2. Nc3 Nc6 3. f4 g6 4. Nf3 Bg7 5. Bb5 Nd4 6. a4 e6 7. O-O Ne7 8. Nxd4
cxd4 9. Ne2 O-O 10. Ng3 d5 11. e5 f6 12. exf6 Bxf6 13. Bd3 Bg7 14. b3 Nc6 15.
Ba3 Rf7 16. Kh1 Qc7 17. Qe2 Bd7 18. Rf3 Rxf4 19. Rxf4 Qxf4 20. Rf1 Qg5 21. Qf2
Ne5 22. Ne2 Nxd3 23. Qf7+ Kh8 24. Qxd7 Qxd2 25. Qxe6 Nf2+ 26. Kg1 Ne4 27. Ng3
Qe3+ 0-1

[Event "Titled Tue 26th Aug Early"]
[Site "chess.com INT"]
[Date "2025.08.26"]
[Round "4"]
[White "Dishman, Stephen"]
[Black "Gong, Qianyun"]
[Result "0-1"]
[WhiteTitle "FM"]
[BlackTitle "WGM"]
[WhiteElo "2254"]
[BlackElo "2229"]
[WhiteFideId "403024"]
[BlackFideId "8602425"]
[EventDate "2025.08.26"]

1. c4 c5 2. g3 Nf6 3. Bg2 d5 4. cxd5 Nxd5 5. Nf3 Nc6 6. Nc3 Nc7 7. O-O e5 8. a3
Rb8 9. Rb1 Be7 10. Qc2 O-O 11. e3 Be6 12. d4 cxd4 13. exd4 exd4 14. Rd1 Rc8 15.
Ne2 Bf6 16. Qd3 Qd7 17. b4 Bf5 18. Qb3 Bxb1 19. Qxb1 a6 20. Bb2 Ne6 21. Bh3 Qd5
22. Bg2 Qh5 23. Qe4 Rfe8 24. Nf4 Nxf4 25. Qxf4 Rcd8 26. g4 Qg6 27. h3 Qc2 28.
Rd2 Qb1+ 29. Kh2 Re4 30. Qc7 Re7 31. Qg3 Red7 32. g5 Be7 33. Qg4 Bd6+ 34. Ne5
Bxe5+ 35. f4 Bc7 0-1

[Event "Titled Tue 26th Aug Early"]
[Site "chess.com INT"]
[Date "2025.08.26"]
[Round "4"]
[White "Schnaider, Ilan"]
[Black "Sharipov, Davron"]
[Result "1-0"]
[WhiteTitle "IM"]
[BlackTitle "FM"]
[WhiteElo "2386"]
[BlackElo "2333"]
[WhiteFideId "169013"]
[BlackFideId "14212358"]
[EventDate "2025.08.26"]

1. e4 c5 2. Nf3 g6 3. Bc4 Bg7 4. d3 Nc6 5. O-O d6 6. c3 Nf6 7. a4 O-O 8. h3 b6
9. Re1 Bb7 10. Bf4 e6 11. Ba2 Qd7 12. Na3 d5 13. e5 Nh5 14. Bh2 f5 15. Nb5 Rad8
16. d4 c4 17. Nd6 Ba8 18. Qd2 h6 19. Nh4 Ne7 20. g4 fxg4 21. hxg4 g5 22. Ng2 Nf4
23. Nxf4 gxf4 24. Bxf4 Ng6 25. Bxh6 Nh4 26. Qe3 Nf3+ 27. Kg2 Nxe1+ 28. Rxe1 Qe7
29. Bg5 Qd7 30. Bb1 Bh8 31. Rh1 Qg7 32. Bh7+ Qxh7 33. Rxh7 Kxh7 34. Bxd8 Rxd8
35. Qg5 Rf8 36. Qe7+ Kg8 37. Qxe6+ Kh7 38. Qe7+ Kg8 39. Nf5 Bxe5 40. Qxe5 1-0

[Event "Titled Tue 26th Aug Early"]
[Site "chess.com INT"]
[Date "2025.08.26"]
[Round "4"]
[White "Rogov, Matfey"]
[Black "Przybylski, Bartosz"]
[Result "1-0"]
[WhiteTitle "FM"]
[BlackTitle "CM"]
[WhiteElo "2348"]
[BlackElo "2041"]
[WhiteFideId "44191308"]
[BlackFideId "21878323"]
[EventDate "2025.08.26"]

1. Nf3 d6 2. e4 Nf6 3. Nc3 e5 4. d4 Nbd7 5. Rg1 g6 6. g4 exd4 7. Qxd4 Bg7 8. Be3
O-O 9. Qd2 Re8 10. Bd3 Ne5 11. Nxe5 dxe5 12. f3 c6 13. O-O-O Be6 14. h4 b5 15.
h5 Qa5 16. hxg6 hxg6 17. Bh6 Bh8 18. f4 exf4 19. Qxf4 b4 20. Nb1 Qxa2 21. e5 Nd5
22. Qg5 Ne7 23. Rh1 b3 24. Bf8 Kxf8 25. Rxh8+ Ng8 26. Bxg6 fxg6 27. Qf6+ Bf7 28.
Rxg8+ Kxg8 29. Rh1 Qxb1+ 30. Kxb1 bxc2+ 31. Kc1 Kf8 32. Rh8# 1-0

[Event "Titled Tue 26th Aug Early"]
[Site "chess.com INT"]
[Date "2025.08.26"]
[Round "4"]
[White "Lai, Duc Minh"]
[Black "Yeung, Jason"]
[Result "1-0"]
[BlackTitle "FM"]
[WhiteElo "2121"]
[BlackElo "2158"]
[WhiteFideId "12420387"]
[BlackFideId "8203970"]
[EventDate "2025.08.26"]

1. e4 c5 2. Nf3 e6 3. d4 cxd4 4. Nxd4 Nc6 5. Nc3 Qc7 6. g3 a6 7. Bg2 Nf6 8. O-O
Be7 9. Be3 O-O 10. h3 b5 11. Nxc6 dxc6 12. e5 Rd8 13. Qe2 Nd5 14. Nxd5 cxd5 15.
Bd4 Bb7 16. Rad1 Rac8 17. Kh2 Qxc2 18. Qe3 Bc5 19. Bxc5 Qxc5 20. Rd4 Qb6 21.
Rfd1 Rc2 22. Qg5 Rxb2 23. Rg4 g6 24. Rf1 Rc8 25. h4 Rxf2 26. Rxf2 Qxf2 27. Rf4
Qe2 28. Qf6 Rf8 29. Kh3 Qxa2 30. h5 Qe2 31. Bf3 Qf1+ 32. Kh4 h6 33. hxg6 Qg1 34.
g7 Qh2+ 35. Kg4 h5+ 36. Kg5 Qxg3+ 37. Kh6 Bc8 38. gxf8=Q+ Kxf8 39. Qxf7# 1-0

[Event "Titled Tue 26th Aug Early"]
[Site "chess.com INT"]
[Date "2025.08.26"]
[Round "4"]
[White "Krysa, Leandro"]
[Black "Ienasoaie, Rafael"]
[Result "1-0"]
[WhiteTitle "GM"]
[BlackTitle "CM"]
[WhiteElo "2468"]
[BlackElo "2168"]
[WhiteFideId "116807"]
[BlackFideId "1266659"]
[EventDate "2025.08.26"]

1. e4 c5 2. h3 Nc6 3. Bb5 e6 4. Bxc6 bxc6 5. d3 d6 6. Qe2 e5 7. f4 Qh4+ 8. Qf2
Qxf2+ 9. Kxf2 f6 10. Na3 Be6 11. b3 Ne7 12. Nf3 Nc8 13. Nc4 Nb6 14. Na5 Kd7 15.
Bd2 Be7 16. g4 g6 17. Rhg1 Rag8 18. c4 h5 19. f5 Bf7 20. Raf1 hxg4 21. hxg4 g5
22. Rh1 d5 23. Be3 d4 24. Bd2 Kc7 25. a3 Bf8 26. b4 Na4 27. Rb1 cxb4 28. Rxh8
Rxh8 29. Bxb4 Bxb4 30. Rxb4 Nc5 31. Ke2 Rh1 32. Nb3 Nxb3 33. Rxb3 Ra1 34. Nd2
Rg1 35. Kf3 Rh1 36. Kg2 Rd1 37. Rb2 Ra1 38. Nb1 Be8 39. Kf2 c5 40. Ke2 Ba4 41.
Kd2 a6 42. Kc1 Bc6 43. Rh2 Bxe4 1-0

[Event "Titled Tue 26th Aug Early"]
[Site "chess.com INT"]
[Date "2025.08.26"]
[Round "4"]
[White "Kalyani Sirin"]
[Black "Smieszek, Wojciech"]
[Result "0-1"]
[WhiteTitle "WFM"]
[BlackTitle "CM"]
[WhiteElo "2162"]
[BlackElo "2141"]
[WhiteFideId "33323500"]
[BlackFideId "1156047"]
[EventDate "2025.08.26"]

1. e4 c5 2. Nf3 g6 3. d4 cxd4 4. Nxd4 Nc6 5. Nc3 Bg7 6. Be3 Nf6 7. Bc4 O-O 8.
Bb3 d6 9. f3 Bd7 10. Qd2 Rc8 11. O-O-O Nxd4 12. Bxd4 b5 13. g4 a5 14. e5 dxe5
15. Bxe5 Bc6 16. Qe3 Qe8 17. Nd5 a4 18. Bxf6 exf6 19. Ne7+ Kh8 20. Bd5 Bxd5 21.
Rxd5 Bh6 22. Qxh6 Qxe7 23. Qd2 b4 24. Re1 Qb7 25. Qd4 Qc6 26. Re2 b3 27. axb3
axb3 28. c3 Qa6 29. Kd2 Rfe8 30. Rxe8+ Rxe8 31. Qd3 Qa1 32. Qd4 Qxb2+ 33. Kd3
Qe2# 0-1

[Event "Titled Tue 26th Aug Early"]
[Site "chess.com INT"]
[Date "2025.08.26"]
[Round "4"]
[White "Sobek, Jaroslav"]
[Black "Simonovic, Miroslav"]
[Result "1-0"]
[WhiteTitle "FM"]
[BlackTitle "CM"]
[WhiteElo "2195"]
[BlackElo "2092"]
[WhiteFideId "301388"]
[BlackFideId "919152"]
[EventDate "2025.08.26"]

1. d4 Nf6 2. c4 c5 3. d5 b5 4. cxb5 a6 5. e3 axb5 6. Bxb5 Qa5+ 7. Nc3 Bb7 8. Bd2
e6 9. a4 Qb4 10. Nf3 Qxb2 11. dxe6 fxe6 12. Rb1 Qa3 13. Rb3 Qxb3 14. Qxb3 Bc6
15. O-O Be7 16. Ne5 Bxb5 17. Nxb5 O-O 18. Bc3 Na6 19. Rd1 d5 20. Nc6 Bd8 21.
Nxd8 Rfxd8 22. Bxf6 gxf6 23. Qb2 Kf7 24. Qd2 c4 25. Qc2 Kg7 26. Nd4 Nc5 27. Ra1
Ra5 28. h4 Rda8 29. Nc6 Rxa4 30. Rxa4 Rxa4 31. Qb2 Nb3 32. Qc3 Ra1+ 33. Kh2 Rf1
34. f4 Rf2 35. Nd4 Kf7 36. Nxb3 cxb3 37. Qxb3 Rd2 38. h5 f5 39. Qb7+ Kf6 40.
Qxh7 Re2 41. Qg6+ Ke7 42. h6 Rxe3 43. h7 d4 44. h8=Q d3 45. Qhe8+ Kd6 46. Qd8+
Kc5 47. Qf7 Kc4 48. Qfc7+ Kb3 49. Qdb8+ Ka2 50. Qca7# 1-0

[Event "Titled Tue 26th Aug Early"]
[Site "chess.com INT"]
[Date "2025.08.26"]
[Round "4"]
[White "Iskusnyh, Sergei"]
[Black "Turcsanyi, Vince Gergo"]
[Result "1-0"]
[WhiteTitle "GM"]
[BlackTitle "FM"]
[WhiteElo "2440"]
[BlackElo "2297"]
[WhiteFideId "4120027"]
[BlackFideId "791784"]
[EventDate "2025.08.26"]

1. d4 Nf6 2. c4 c5 3. d5 b5 4. cxb5 a6 5. e3 axb5 6. Bxb5 Qa5+ 7. Nc3 Bb7 8. Bd2
Qb6 9. Nf3 Nxd5 10. a4 e6 11. e4 Nxc3 12. Bxc3 Bxe4 13. O-O Bc6 14. Qd3 d5 15.
Ne5 Bxb5 16. Qxb5+ Qxb5 17. axb5 Rxa1 18. Rxa1 Bd6 19. Ra7 Rf8 20. Nc6 d4 21.
Ba5 f6 22. Nd8 e5 23. Ne6 Rf7 24. Nxg7+ Kf8 25. Ne6+ Kg8 26. b6 d3 27. Kf1 e4
28. b3 Re7 29. Nd8 Kf8 30. Bc3 f5 31. Bf6 Rd7 32. Nc6 Rxa7 33. bxa7 Nxc6 34.
a8=Q+ Kf7 35. Qxc6 Ke6 36. Bg5 f4 37. Bxf4 1-0

[Event "Titled Tue 26th Aug Early"]
[Site "chess.com INT"]
[Date "2025.08.26"]
[Round "4"]
[White "Brodowski, Piotr"]
[Black "Shearsby, Jude"]
[Result "1-0"]
[WhiteTitle "IM"]
[BlackTitle "CM"]
[WhiteElo "2457"]
[BlackElo "2270"]
[WhiteFideId "1124480"]
[BlackFideId "462527"]
[EventDate "2025.08.26"]

1. e4 e5 2. Nf3 d5 3. exd5 e4 4. Nd4 Qxd5 5. Nb3 Qe5 6. Nc3 Nf6 7. Be2 Bd6 8. d4
exd3 9. Qxd3 Bf5 10. Qg3 Bxc2 11. Nb5 Qe7 12. Nxd6+ cxd6 13. O-O O-O 14. Nd4 Bg6
15. Bf4 Ne4 16. Qe3 Qf6 17. f3 Nc5 18. Nb5 Nba6 19. Nxd6 Rad8 20. Rad1 Qxb2 21.
Rd2 Qb6 22. Rfd1 Nb4 23. Nc4 Qc6 24. Rxd8 Ne6 25. Rxf8+ Nxf8 26. Rd8 Nd5 27. Qd4
Nf6 28. Bd6 h6 29. Rxf8+ Kh7 30. Be5 Nh5 31. g4 Qc5 32. Qxc5 1-0

[Event "Titled Tue 26th Aug Early"]
[Site "chess.com INT"]
[Date "2025.08.26"]
[Round "4"]
[White "Vlassov, Nikolai"]
[Black "Levi, Eddy L"]
[Result "1-0"]
[WhiteTitle "IM"]
[BlackTitle "FM"]
[WhiteElo "2301"]
[BlackElo "2147"]
[WhiteFideId "4103360"]
[BlackFideId "3200183"]
[EventDate "2025.08.26"]

1. e4 e5 2. Bc4 Nf6 3. d3 c6 4. Nf3 d5 5. Bb3 Bb4+ 6. c3 Bd6 7. Bg5 Be6 8. d4
dxe4 9. Nxe5 Bxe5 10. dxe5 Qxd1+ 11. Bxd1 Nfd7 12. Nd2 Nxe5 13. Nxe4 Nd3+ 14.
Ke2 Nxb2 15. Nd6+ Kd7 16. Nxb7 Bc4+ 17. Kf3 Na6 18. Bb3 Rab8 19. Na5 Bd5+ 20.
Kg3 Nc5 21. Be3 Ne4+ 22. Kh3 Rb5 23. c4 Rxa5 24. cxd5 cxd5 25. f3 Nf6 26. Bd4
Nc4 27. Rad1 Kc7 28. Rhe1 Re8 29. Bxf6 Rxe1 30. Rxe1 gxf6 31. Re7+ Kd6 32. Rxf7
Ke5 33. Rxh7 Ra6 34. Re7+ Kd6 35. Re2 Ne5 36. f4 Nc4 37. Kg4 Kc5 38. h4 Rb6 39.
h5 Rb8 40. h6 Rh8 41. Kh5 Nd6 42. g4 d4 43. g5 fxg5 44. fxg5 d3 45. Re5+ Kd4 46.
Rd5+ Ke3 47. Rxd6 d2 48. g6 Rc8 49. g7 Rc5+ 50. Kg6 1-0